00856nam a2200217 a 450000100100000000500170001000800410002704000250006804100130009310000270010624501220013324600510025526000620030630000360036849000170040450000620042183000240048304900090050795201050051699900170062100003424220200930070910.0110928s1989 dr 000 0 spa d aDO-SdBNPbspacBNPHU17aspa2eng1 aHoppe, Jürgen.9782214aLos parques nacionales de la Reppublica Dominicana =bThe national parks of the Dominican Republic /cJürgen Hoppe.10aThe national parks of the Dominican Republic / aSanto Domingo :bFundación Barceló Proforesta,c1989. a137 p. :bil., retrs. ;c25 cm.1 aBarcelóv1 aTexto a tres columnas en los idiomas español y inglés 0aBarcelóv1959659 aBNPD 0010718PDaPDbPDcCTd2011-09-28iLF1l0o p34242-10r2020-06-25w2020-06-25yLFPDZNo se presta c33733d33733